Advances in multi-photon processes and spectroscopy
A text containing a selection of review articles on the following topics: quantum control of molecular dynamics, modern perspective on coherent control, molecular engineering of push-pull choromophores, time-resolved pumped sum-frequency generation spectroscopy, and related topics.
Zapisane w:
| Format: | Książka |
|---|---|
| Język: | Undetermined |
| Wydane: |
Singapore
World Scientific
1986
|
| Hasła przedmiotowe: | |
| Etykiety: |
Dodaj etykietę
Nie ma etykietki, Dołącz pierwszą etykiete!
|
| Thư viện lưu trữ: | Trung tâm Học liệu Trường Đại học Cần Thơ |
|---|
| LEADER | 00863nam a2200193Ia 4500 | ||
|---|---|---|---|
| 001 | CTU_156285 | ||
| 008 | 210402s9999 xx 000 0 und d | ||
| 020 | |c 124 | ||
| 082 | |a 543.0858 | ||
| 082 | |b A244/Vol.2 | ||
| 245 | 0 | |a Advances in multi-photon processes and spectroscopy | |
| 245 | 0 | |c Edited by S. H. Lin | |
| 260 | |a Singapore | ||
| 260 | |b World Scientific | ||
| 260 | |c 1986 | ||
| 520 | |a A text containing a selection of review articles on the following topics: quantum control of molecular dynamics, modern perspective on coherent control, molecular engineering of push-pull choromophores, time-resolved pumped sum-frequency generation spectroscopy, and related topics. | ||
| 650 | |a Multiphoton processes,Spectrum analysis,Laser spectroscopy,Molecular spectra | ||
| 904 | |i Bạch Trúc | ||
| 980 | |a Trung tâm Học liệu Trường Đại học Cần Thơ | ||